[Event "Hoogovens"]
[Site "Wijk aan Zee"]
[Date "1998.01.30"]
[Round "12"]
[White "Nijboer, Friso"]
[Black "Polgar, Judit"]
[Result "1/2-1/2"]
[WhiteElo "2580"]
[BlackElo "2670"]
[Annotator "Ribli,Z"]
[PlyCount "87"]
[EventDate "1998.01.16"]
[EventType "tourn"]
[EventRounds "13"]
[EventCountry "NED"]
[EventCategory "17"]
[SourceTitle "CBM 063"]
[Source "ChessBase"]
[SourceDate "1998.03.26"]
[SourceVersion "1"]
[SourceVersionDate "1998.03.26"]
[SourceQuality "1"]

1. e4 c5 2. Nf3 e6 3. Nc3 Nc6 4. d4 cxd4 5. Nxd4 Qc7 6. f4 Nxd4 $5 {Nach
meiner Meinung ist das die beste Zugfolge für Schwarz. Nach 6...a6 ist 7.Nxc6
mit etwas besseren weißen Aussichten möglich. Ein großer Vorteil der
Partiefortsetzung ist die unglückliche Damenstellung auf d4, die dem Schwarzen
Gegenchancen bietet.} (6... a6 7. g3 $2 {Das ist eine schlechte Mischung der
Systeme f4 und g3.} Nxd4 $1 8. Qxd4 b5 9. Be3 Bb7 10. Bg2 Nf6 11. O-O-O Rc8 12.
Rd2 Be7 13. h3 (13. e5 b4 14. exf6 bxc3 $17) 13... O-O 14. e5 b4 $17 {
Schlosser,M.-Horvath,Jo.Oesterreich,1998.}) 7. Qxd4 a6 8. Be3 (8. Bd3 b5 9. Bd2
(9. a3) 9... Bb7 10. a4 b4 11. Ne2 (11. Na2 Nf6 $1 {[%csl Rd4]} 12. Qe3 (12.
Nxb4 Bc5 13. Qc3 (13. Qc4 Nxe4 14. Bxe4 Bf2+ {[%cal Rc7c4]}) 13... a5 14. Na2
Bxe4 $17) (12. Bxb4 Bxb4+ 13. Qxb4 a5 14. Qd4 Qxf4 $17) 12... d5 13. e5 d4 $1
14. Qe2 (14. Qxd4 $4 Bc5 15. Qc4 Bd5 {[%csl Rc4]}) 14... Nd5 15. O-O Bc5 $17)
11... Qc5 $11) 8... b5 9. Be2 Bb7 10. O-O-O {Natürlich ist das noch eine
theoretische Fortsetzung, aber sie gefällt mir nicht. Weiß gibt dem Schwarzen
zu viele Gegenchancen.} (10. Bf3 Rc8 11. O-O h5 (11... Nf6 $2 12. e5 Bxf3 13.
exf6 $18 {[%cal Rf6g7]}) 12. Rad1 Nf6 {[%cal Gf6g4]} 13. h3 h4 {[%csl Rg3]
[%cal Gf6h5,Gh5g3]} 14. Rf2 Bc5 15. Qxc5 Qxc5 16. Bxc5 Rxc5 17. Rd6 $14 {
[%csl Gd6]}) 10... Rc8 11. Rd2 Nf6 (11... Bc5 12. Qxc5 Qxc5 13. Bxc5 Rxc5 14.
Rhd1 Bc6 (14... Rc7 15. Bxb5 axb5 16. Nxb5 $16) (14... Nf6 15. e5 Nd5 16. Ne4
$16 {[%csl Rd6]}) 15. a3 Nf6 16. Bf3 $14) 12. Bf3 (12. e5 $6 b4 {Dieser
Gegenangriff ist ein Schlüsselmotiv in dieser Variante. Wenn der weiße
Springer zieht, kommt Schwarz zu ...Nd5.} 13. exf6 bxc3) 12... Be7 (12... Qa5
13. Qa7 $14 (13. e5 Bc5 14. Qd3 Bxe3 15. Qxe3 b4 16. Bxb7 bxc3 17. Rd3 Ng4 18.
Rxc3 Nxe3 19. Rxc8+ Ke7 20. Rxh8 Qxa2 21. g3 Nc4 22. Kd1 Qb1+ 23. Ke2 Qxc2+ 24.
Kf3 Qb3+ 25. Kg4 Ne3+ 26. Kh4 Qxb7 27. Rg1 Qxb2 {0-1 Polihroniade-Polgar,J/
Thessaloniki ol 1988}) 13... Qc7 14. e5 Bxf3 15. Qxc7 Rxc7 16. gxf3 Ng8 17. Ne4
Nh6 18. Rhd1 Nf5 19. Bb6 Rb7 20. Bc5 Rc7 {1/2-1/2 Gallagher,J-Cramling,P/
Biel-B 1990 (27)}) (12... Bc5 13. Qxc5 Qxc5 14. Bxc5 Rxc5 15. Re1 $14) (12...
Qc4 13. e5 $16) 13. g4 $13 {Wir haben eine unklare Stellung mit beiderseitigen
Chancen. Weiß verfügt über großen Raumvorteil und der schwarze König ist in
der Mitte. Die Initiative am Damenflügel bietet dem Schwarzen aber ausreichend
Gegenspiel. Ich möchte anmerken, daß die weiße Läuferstellung auf f3 nach
diesem Zug ein wenig unsicher wird.} (13. Rhd1 O-O (13... d6 $5) 14. e5 b4 $1 (
14... Bxf3 15. gxf3 b4 16. exf6 bxc3 17. Rg2 Qb7 18. Rxg7+ Kh8 19. Rg8+ {
1-0 Ehlvest,J-Andersson,U/Belfort WCup 1988}) 15. exf6 (15. Na4 Bxf3 16. gxf3
Nd5 17. Nb6 Nxb6 18. Qxb6 Qc4 $13) 15... bxc3 16. Qxc3 Qxc3 17. fxe7 Qxe3 18.
exf8=Q+ Kxf8 19. Bxb7 Rb8 $17 {Hector,J-Cramling,P/Valby/1991/CBM27/}) (13. Kb1
$6 d6 $15 14. g4 O-O 15. g5 Nd7 16. h4 Rfd8 17. Rf1 Ne5 18. Be2 Nc4 19. Bxc4
Qxc4 20. Re1 Qxd4 21. Bxd4 Rd7 22. a3 Rdc7 23. Bb6 Rc4 24. Ba5 Kf8 {Short,
N-Kotronias,V/Thessaloniki olm 1988/1/2-1/2 (55)}) 13... d5 $5 $146 {Dies war
wohl eine vorbereitete Neuerung von Polgar. Sie hat diese Variante schon 1988
gegen Polihroniade gespielt.} (13... Bc5 $5 14. Qxc5 Qxc5 15. Bxc5 Rxc5 16. g5
Ng8 (16... Rxc3 17. bxc3 Nxe4 $44 18. Rdd1 $5 (18. Re2 $2 Nxc3 $17 (18... Ng3
19. hxg3 Bxf3 $17)) (18. Rd4 Nxc3 19. Bxb7 Ne2+ $17) (18. Rd3 $5)) 17. Rhd1 Rc7
18. Rd4 Ne7 $1 19. a4 Nc6 20. Rd6 b4 21. Ne2 h6 $1 22. h4 hxg5 23. hxg5 Rh3 $1
{0-1 Masserey,Y-Cramling,P/Horgen-B 1995 (33)}) 14. exd5 (14. e5 b4 $1 (14...
Ne4 {In vielen Varianten der Sizilianische Verteidigung ist dieser Zug ist nur
auf ersten Blick aktiv. Tatsächlich ist die schwarze Stellung wegen des
blockierten e-Bauerns nach dem Figurentausch nicht sehr dynamisch.} 15. Bxe4
dxe4 16. Rhd1 $14) 15. exf6 (15. Ne2 Nd7) (15. Na4 Nd7 {[%csl Ra4]} 16. Nb6 $2
Bc5 $19) 15... bxc3 $17) 14... b4 15. Na4 (15. d6 bxc3 16. dxc7 cxd2+ 17. Kxd2
Bxf3 $17 {Schwarz hat Turm und zwei Leichtfiguren für die Dame. Sein
Läuferpaar ist stark.}) 15... Bxd5 (15... Nxd5 $2 16. Bxd5 Bxd5 17. Qxg7 $16)
16. Bxd5 Nxd5 17. Nb6 $11 {Weiß muß sich mit diesem Zug beeilen, sonst behält
er hat eine schlechte Springerstellung.} (17. Qxg7 $2 Bf6 18. Qh6 Qc6 $17 {
[%cal Rc6a4,Gc6h1]}) 17... Nxb6 18. Qxb6 Qc4 (18... O-O $5 $11) 19. Qb7 (19. b3
$5 Qc3 20. Bd4) (19. Kb1) 19... O-O $5 (19... Rc7 20. Qa8+ Rc8 21. Qb7 $11) 20.
b3 (20. Qxe7 $2 Qxa2 21. Rdd1 b3 $1 (21... Qa1+ 22. Kd2 Qxb2 $40) (21... Qc4
22. Rd2) 22. Bc5 (22. c3 Rxc3+ 23. bxc3 Qc2# (23... b2+ $19)) 22... bxc2 (22...
Rfe8) 23. Kxc2 Qc4+ $17) 20... Qc7 21. Qxc7 Rxc7 {Nach den Komplikationen ist
eine ausgeglichene Stellung entstanden. Weiß besitzt die Bauernmehrheit am
Damenflügel, aber Schwarz hat eine aktive Stellung.} 22. Re1 Rfc8 23. Ree2 h6 {
Damit vermeidet Schwarz den später möglichen weißen Raumgewinn mit g4-g5 am
Königsflügel und bereitet seinerseits ...g7-g5 vor.} (23... Kf8) 24. Bd4 Rc6
25. Kd1 Kf8 (25... Bd6) 26. Rd3 {[%cal Gd3h3] Interessant: Im Läuferendspiel
wäre der b4-Bauer schwach, hingegn mit Türmen auf dem Brett legt er die weiße
Stellung am Damenflügel lahm.} g5 (26... f6) 27. fxg5 hxg5 28. Rh3 {[%csl Rf8]
[%cal Gh3h8]} Ke8 29. Rh8+ Kd7 30. Rh7 Rd6 31. Rd2 Rf8 32. c4 {Endlich befreit
sich Weiß am Damenflügel. Jetzt muß Schwarz nehmen, sonst wird sein b4-Bauer
schwach.} bxc3 33. Bxc3 Kc6 (33... Rxd2+ 34. Kxd2 f5 $6 35. Bb4 {[%csl Re7]})
34. Rxd6+ Bxd6 35. Bf6 {Es scheint, die aktive Stellung von Turm und Läufer
gäbe dem Weißen die besseren Chancen, aber Schwarz hat bereits vollen
Ausgleich durch die gute Aufstellung seines Königs.} Bf4 36. Ke2 e5 37. h4 (37.
Kf3 Kd5) 37... gxh4 38. Bxh4 Kd5 39. Kf3 (39. Be7 $6 Rc8 $15 {[%csl Gc8,Gd5,
Re2,Gf4][%cal Rc8c2]}) 39... Rc8 40. Rxf7 Rc3+ {Der große Aktivität der
schwarzen Figuren kompensiert natürlich den geopferten Bauern.} 41. Kg2 Rc2+
42. Kf3 Rc3+ (42... Rxa2 43. Rd7+ $11) 43. Kg2 Rc2+ 44. Kf3 {und Remis durch
Stellungswiederholung. Ribli.} 1/2-1/2

[Event "Interzonal-14a"]
[Site "Subotica"]
[Date "1987.??.??"]
[Round "13"]
[White "Marjanovic, Slavoljub"]
[Black "Zapata, Alonso"]
[Result "1-0"]
[WhiteElo "2505"]
[BlackElo "2505"]
[Annotator "Ribli,Z"]
[PlyCount "124"]
[EventDate "1987.06.??"]
[EventType "tourn"]
[EventRounds "17"]
[EventCountry "YUG"]
[EventCategory "11"]
[SourceTitle "CBM 003"]
[Source "ChessBase"]
[SourceDate "1988.04.01"]
[SourceVersion "1"]
[SourceVersionDate "1988.04.01"]
[SourceQuality "1"]

1. e4 c5 2. Nf3 e6 3. d4 cxd4 4. Nxd4 Nc6 5. Nc3 a6 6. Be2 Qc7 7. O-O Nf6 8. a4
$6 (8. a3) 8... Bb4 9. Bg5 Bxc3 10. Bxf6 gxf6 11. bxc3 Ne7 12. c4 $1 (12. Qd2)
12... b6 13. Qd3 Bb7 14. Rfb1 {>< b6} Rg8 15. g3 Ng6 16. Qe3 Ne5 17. Ra3 $1 $16
Rc8 (17... Nxc4 $2 18. Rc3) 18. Rab3 Nxc4 19. Bxc4 Qxc4 20. Rxb6 Ba8 21. R1b4
$1 Qa2 $2 (21... Qc7 22. Rxa6) (21... Qc5 22. Nf5 $1 exf5 (22... Qxe3 23. Nd6+
Kf8 24. fxe3) 23. Qxc5 Rxc5 24. Rb8+ Ke7 25. Rxg8 Bxe4 $16) 22. Rb8 Ke7 23.
Nf5+ $1 exf5 24. exf5+ Kd6 (24... Kd8 25. Qb6+ Ke7 26. Rxa8 $1 Qa1+ (26... Rxa8
27. Re4+ $18) 27. Rb1 Qxb1+ 28. Qxb1 Rxa8 29. Qb4+ $18) 25. Qd4+ Ke7 (25... Bd5
26. Qxf6+) 26. Rxa8 $1 Rxa8 27. Qc5+ $2 (27. Qe4+ $142 $1 Kd6 28. Rb6+ Kc5 (
28... Kc7 29. Qb7+ $18) 29. Qb4+ Kd5 30. Rd6+ Ke5 31. Qf4#) 27... Ke8 $1 (27...
Kd8 $2 28. Qb6+ $18) (27... d6 28. Qc7+ $18) 28. Re4+ Kd8 29. Qb6+ Kc8 30. Qc5+
Kd8 31. Qa5+ Kc8 32. Qc3+ Kd8 33. Qa5+ Kc8 34. Qc3+ Kd8 35. Qxf6+ Kc7 36. Qc3+
Kd8 (36... Kd6 37. Qb4+ $1 $18) 37. Qf6+ Kc7 38. Qc3+ Kd8 39. Qa5+ Kc8 40. Qc5+
Kd8 41. Qb6+ Kc8 42. Qc5+ Kd8 43. Kg2 Rc8 (43... Rb8 44. f6 Qb2 45. Qe7+ Kc8
46. Rc4+ Kb7 47. Rb4+ $18) 44. Qa5+ Rc7 45. Rb4 f6 (45... Qxc2 46. Rb8+ Ke7 47.
Qe5#) 46. c4 $1 Rf8 47. Rb8+ Ke7 48. Qb4+ d6 49. Rxf8 Qxc4 (49... Rxc4 50. Qb8
$18) 50. Qxc4 Rxc4 51. Rh8 $18 {_|_} d5 (51... Rxa4 52. Rxh7+ Ke8 53. h4) 52.
Rxh7+ Kd6 53. f4 Rxa4 54. Rf7 d4 55. Rxf6+ Kd5 56. Rf8 Rc4 (56... Ke4 57. f6
Kf5 58. g4+) 57. Kf3 Rc3+ 58. Kg4 d3 59. Kf3 Rc7 60. Ke3 Kc4 61. f6 Rd7 62.
Rc8+ Kb4 (62... Kb4 63. Kd2) 1-0

[Event "Bundesliga 0506"]
[Site "Germany"]
[Date "2005.12.09"]
[Round "7.1"]
[White "Landa, Konstantin"]
[Black "Volokitin, Andrei"]
[Result "1/2-1/2"]
[WhiteElo "2600"]
[BlackElo "2666"]
[Annotator "Ribli,Z"]
[PlyCount "63"]
[EventDate "2005.10.21"]
[EventType "team-tourn"]
[EventRounds "15"]
[EventCountry "GER"]
[SourceTitle "CBM 111"]
[Source "ChessBase"]
[SourceDate "2006.04.04"]
[SourceVersion "1"]
[SourceVersionDate "2006.04.04"]
[SourceQuality "1"]
[WhiteTeam "Muelheim Nord"]
[BlackTeam "Katernberg"]
[WhiteTeamCountry "GER"]
[BlackTeamCountry "GER"]

1. e4 c5 2. Nf3 e6 3. d4 cxd4 4. Nxd4 Nc6 5. Nc3 Qc7 6. Be2 a6 7. O-O b5 {
Das ist Volokitins beliebte Fortsetzung, die Hauptvariante ist 7...0-0 .} 8.
Nxc6 dxc6 9. f4 {Weiß beschäftigt sich nicht mit dem Damenflügel, er möchte
vielmehr im Zentrum und am Königsflügel agieren. Die Alternative 9.a4 ist
ebenfalls spielbar.} (9. a4 b4 10. Nb1 Nf6 11. Nd2 (11. Bd3 h5 12. h3 (12. Nd2
Bd6 (12... Ng4 $5)) 12... Bc5 13. Qe2 $4 (13. Re1 $5 e5 14. Be3 Bxe3 15. Rxe3
a5 $132) 13... Ng4 $3 $17 14. hxg4 hxg4 15. e5 f5 $1 $19 {0-1 Nataf,
I-Volokitin,A/Srbija i Crna Gora 2004/(24)}) 11... a5 (11... Bd6 $5) 12. f4 Ba6
13. Bxa6 Qb6+ 14. Kh1 Qxa6 15. Qf3 {1-0 Palac,M-Volokitin,A/Celje 2004/(29)})
9... Bb7 10. Qe1 {Volokitin spielt diese Variante mit beiden Farben.} (10. Bf3
Bc5+ 11. Kh1 Ne7 12. f5 $5 (12. Qe2 O-O 13. Be3 Bxe3 14. Qxe3 c5 15. Rad1 Rfd8
$11 {1/2-1/2 Dolmatov,S-Volokitin,A/Sochi 2004/CBM 101/[Mueller,Karsten] (75)})
12... Rd8 (12... exf5 13. exf5 Nxf5 14. Bg4 $16 {1-0 Areshchenko,A-Volokitin,A/
Alushta 2004/ (28)}) (12... O-O 13. Bg4 exf5 14. exf5 Rad8 15. Qf3 Bd4 16. Bf4
Qa5 17. Qg3 $14) 13. Qe1 O-O 14. f6 gxf6 15. Bh6 $44 {1-0 Volokitin,
A-Predojevic,B/Budva 2004/(29)}) 10... b4 11. Nb1 {[%csl Yc4][%cal Gb1d2,Gd2c4]
Das ist ein übliches Springermanöver in dieser Variante: er möchte das Feld c4
erobern.} (11. Na4) (11. Nd1) 11... Nf6 12. Nd2 Be7 13. Kh1 {Ein
prophylaktische Zug, denn Weiß bereitet b2-b3 vor.} (13. b3 $2 Qb6+ 14. Kh1 Qd4
{[%cal Rd4a1,Rf6e4]} 15. Rb1 Nxe4) 13... O-O 14. b3 e5 (14... c5 15. Bd3) 15.
Nc4 (15. fxe5 Qxe5 16. Rb1 Bd6) 15... Nxe4 (15... exf4 16. Bxf4 $16) 16. fxe5
f5 {[%mdl 32] Auf diese Weise verstärkt Schwarz seine e4-Springerstellung.} (
16... c5) 17. Bb2 Rad8 18. Bd3 c5 19. Ne3 Qc8 (19... f4 20. Nf5 (20. Nd5 Bxd5
21. Bxe4 Qc6) 20... Rxf5 21. Bxe4 $14) 20. Rd1 (20. Qe2) 20... Kh8 21. Qe2 f4
22. Nd5 (22. Nc4 $2 f3 $1 23. Rxf3 Rxf3 24. gxf3 Ng5 $17) 22... Bxd5 (22... f3
23. gxf3 Nc3 (23... Nf2+ 24. Rxf2 Bxd5 25. Rg1 $16) 24. Nxc3 bxc3 25. Bxc3 Qh3
26. Be4 Bxe4 27. Qxe4 Rxd1 28. Rxd1 Rxf3 29. Kg1 $16) 23. Bxe4 Bxe4 24. Qxe4
$14 Rxd1 25. Rxd1 Qe6 {[%csl Ge6][%mdl 256] Die schwarze Dame steht
ausgezeichnet und blockiert den e5-Bauern.} (25... Rd8 26. Rd3 $16 (26. Rxd8+
Qxd8 27. h3)) 26. c4 (26. Rd5 f3 27. gxf3 Qh3 $11) (26. Rd3 $5) 26... bxc3 27.
Bxc3 Kg8 28. Ba5 g5 $1 {Auf diese Weise bekommt Schwarz befriedigendes
Gegenspiel.} 29. Bc7 g4 30. Bd6 Bxd6 31. Rxd6 Qf5 32. Qxf5 (32. Qxf5 Rxf5 33.
Rd5 (33. Rxa6 Rxe5 34. Kg1 Re2 35. Kf1 $11) 33... Kf7 (33... f3 34. Kg1) 34.
Rxc5 Ke6 35. Rc6+ Kxe5 36. Rxa6 Rf7 $44 {Für den Minusbauern erhält Schwarz
aktives Spiel und damit ausreichende Kompensation.}) 1/2-1/2

[Event "Bundesliga 0203"]
[Site "Germany"]
[Date "2003.02.08"]
[Round "10.1"]
[White "Adams, Michael"]
[Black "Lutz, Christopher"]
[Result "1/2-1/2"]
[WhiteElo "2745"]
[BlackElo "2645"]
[Annotator "Ribli,Z"]
[PlyCount "43"]
[EventDate "2002.10.19"]
[EventType "team-tourn"]
[EventRounds "15"]
[EventCountry "GER"]
[SourceTitle "CBM 094"]
[Source "ChessBase"]
[SourceDate "2003.05.26"]
[SourceVersion "1"]
[SourceVersionDate "2003.05.26"]
[SourceQuality "1"]
[WhiteTeam "Luebeck"]
[BlackTeam "Porz"]
[WhiteTeamCountry "GER"]
[BlackTeamCountry "GER"]

1. e4 c5 2. Nf3 e6 3. d4 cxd4 4. Nxd4 Nc6 5. Nc3 Qc7 {Der deutsche Großmeister
(und in der letzten Zeit die Nummer 1 in der deutsche Liste) spielt gern die
Taimanow-Paulsen Variante mit Schwarz.} 6. f4 Nxd4 {Im Falle von 6...a6 muss
Schwarz mit 7.Nxc6 rechnen, also tauscht er von selbst und moechte im
folgenden die exponierte weiße Damenstellung auf d4 ausnutzen.} 7. Qxd4 a6 8.
a4 {Dieser Zug wurde - bis jetzt - relativ selten gespielt. Mit 8.a4 moechte
Weiß den typischen schwarzen Plan mit b7-b5 verhindern und am Damenfluegel
Raum gewinnen.} (8. Be3 b5 9. O-O-O Bb7 10. Bd3 Rc8 11. Rhe1 Ne7 12. Qb6 Qxb6
13. Bxb6 Ng6 14. g3 Bb4 $11 {1/2-1/2 Gross,D-Lutz,C/Leipzig 2002/CBM 89/[Ribli]
(34)}) 8... Nf6 (8... Ne7 9. Be3 Nc6 (9... d5 10. O-O-O Nc6 11. Qb6 Qxb6 12.
Bxb6 dxe4 13. Nxe4 Bd7 14. b3 (14. Nc5 Bxc5 15. Bxc5 Rc8 16. b3 Na5 $1 17. b4
Bxa4 {1/2-1/2 De Vreugt,D-Horvath,J/Haarlem 2001/EXT 2002 (29)}) 14... f5 15.
Nc5 Bxc5 16. Bxc5 Rc8 17. Ba3 Ne7 18. Bd3 Rf8 19. Rhe1 {1-0 Luther,T-Gutman,L/
Saarbruecken GER 2002/(39)}) 10. Qb6 Qxb6 11. Bxb6 Bb4 12. O-O-O d6 13. h4 Bd7
14. Rh3 Ne7 15. Rhd3 Bc6 16. Rd4 Bxc3 17. bxc3 O-O 18. a5 d5 {1/2-1/2 Luther,
T-Kotronias,V/Catalan Bay ENG 2003/(24)}) 9. Be3 (9. e5 Bc5 (9... Ng4 $5) 10.
Qd3 Nd5 11. Ne4 (11. Nxd5 exd5 12. Qxd5 d6 $44) (11. Bd2 O-O 12. Ne4 f6 13. c4
Nb4 14. Qb3 a5 15. exf6 gxf6 $13) 11... b6 12. Bd2 Bb7 13. Nd6+ Bxd6 14. exd6
Qc5 15. c4 Nf6 16. b4 Qh5 $13) 9... Ng4 $5 {[%mdl 4] Eine theoretische
Neuerung. Schwarz moechte den Be3 tauschen. Jetzt geht 10.Bg1 nicht, weil dann
Pf4 hängt.} (9... d6 10. Be2 Be7 11. O-O O-O 12. Rad1 Nd7 13. Kh1 Re8 14. Bg1
Bf8 15. Bc4 Rb8 16. f5 Ne5 17. Bb3 b5 18. axb5 axb5 19. fxe6 fxe6 20. Ra1 Bd7
21. Nd5 Qd8 22. Ne3 Kh8 23. Bf2 Qc7 {1/2-1/2 Luther,T-Lautier,J/Germany 2002/
EXT 2003 (23)}) 10. Qb6 (10. Bd2 f6 $13 {[%cal Rf8c5,Rc5f2]}) 10... Bd6 $1 (
10... Qxb6 11. Bxb6 $14) 11. Qxc7 (11. e5 Nxe3 12. Qxe3 Bc5 $11) 11... Bxc7 $11
{Weiß hat einigen Raumvorteil, aber die schwarze Stellung ist fest.} 12. Bd2 d6
13. Bd3 (13. Be2 Nf6 14. Bf3 Bd7 $11) 13... Bd7 14. a5 Bc6 {[%csl Gc6][%cal
Gc6h1] Der Bc6 steht aktiv auf der langen Diagonalen.} 15. b4 O-O 16. h3 (16.
O-O Bb8 $11 {[%cal Gb8a7,Ga7g1]} (16... b5 $5)) 16... Nf6 17. O-O b5 $1 {
[%mdl 256] Mit diesem guten positionellen Zug befreit sich Schwarz vom weißen
Druck am Damenfluegel.} 18. axb6 (18. Rad1 Rac8 $11) 18... Bxb6+ 19. Kh2 Bd4 {
[%csl Gc6,Gd4][%cal Gd4a1]} 20. Rfe1 Rfb8 21. Ra2 (21. Rab1 h5 $11 (21... Kf8
$11)) 21... h5 $1 {Mit diesem Zug verteidigt sich Schwarz gegen die
Moeglichkeit g2-g4.} (21... Rxb4 $2 22. Ne2 {[%cal Re2d4,Rd2b4]} Rb2 23. Nxd4
Rxa2 24. Nxc6 $16) 22. Nd1 1/2-1/2

[Event "Cancan Veterans-Women"]
[Site "Roquebrune"]
[Date "1998.09.08"]
[Round "2"]
[White "Xie, Jun"]
[Black "Taimanov, Mark E"]
[Result "1-0"]
[WhiteElo "2510"]
[BlackElo "2455"]
[Annotator "Ribli,Z"]
[PlyCount "59"]
[EventDate "1998.09.07"]
[EventType "schev"]
[EventRounds "12"]
[EventCountry "FRA"]
[SourceTitle "CBM 067"]
[Source "ChessBase"]
[SourceDate "1998.11.30"]
[SourceVersion "2"]
[SourceVersionDate "1998.11.01"]
[SourceQuality "1"]

{[%mdl 192]} 1. e4 {McShane} c5 2. Nf3 e6 3. d4 cxd4 4. Nxd4 Nc6 5. Nc3 Qc7 6.
Be2 a6 7. O-O Nf6 8. Kh1 {[#]} Bb4 (8... Nxd4) (8... d6 {Mit diesem Zug
gelangt Schwarz in die Scheveninger Variante. Ribli.}) 9. Nxc6 Qxc6 $6 {
McShane: 'This move has been played rarely before, but it certainly seems
quite sensible, putting pressure on the white centre.' Dieser Zug gefällt mir
nicht. Die Dame steht auf c6 exponiert.} (9... bxc6 10. f4 (10. Qd4 c5 11. Qe3
d6 12. Qg3 Bxc3 13. Qxc3 O-O 14. f3 Bb7) 10... d5 11. e5 Bxc3 12. bxc3 Ne4 $13)
10. Bf3 $146 {[#]Eine neue Fortsetzung, aber auch das bekannte 10.e5 ist gut.}
(10. e5 Bxc3 (10... Ne4 11. Nxe4 Qxe4 12. f4 Qc6 13. f5 exf5 14. Rxf5 O-O 15.
Rf4 Be7 16. Rd4 $16 {0-1 Velimirovic,D-Matulovic,M/Majdanpek 1976 (36)} (16.
Rd4 f5 17. exf6 Bxf6 18. Rd6 Qc5 19. Qd3 Be5 20. Rd5 Qe7 21. Bd2 d6 22. Bb4 Bf5
23. Qd2 Rad8 24. Bf3 Qh4 25. Rxe5 dxe5 26. Bd5+ Rxd5 27. Qxd5+ Rf7 28. Bc5 Qf6
29. c3 h6 30. a4 Kh7 31. Re1 e4 32. Bd4 Qg6 33. h3 Be6 34. Qe5 Rf5 35. Qxe4 Bd5
36. Qc2 Rf1+ {0-1 Velimirovic,D-Matulovic,M/Majdanpek 1976/MCD-r7})) 11. bxc3
Qxc3 (11... Nd5) 12. exf6 (12. Bf4 {McShane} Nd5 13. Bg3 b6 {looks better for
Black.}) 12... Qxa1 13. Qd6 Qxf6 14. Ba3 Qd8 15. f4 f6 16. f5 Kf7 17. Rd1 Qe8
18. Bc4 g5 19. Qc7 Qd8 20. fxe6+ Kg7 21. Qd6 b5 22. e7 Qe8 23. Bd5 Ra7 24. Bb2
Qg6 25. Rf1 {McShane: '1-0 Grosar,A-Pogorevici/Buzias 1986' 1-0
Grosar-Pogorevici/Buzias 1986 (25)}) 10... Qc7 (10... Bxc3 {McShane} 11. e5 $1
Qc7 12. bxc3 Qxe5 (12... Qxc3 13. Bf4 {is a much improved version of the above
line, as now Nd5 can be taken.}) 13. Ba3 $1 {stops Black castling and gives
White attacking chances on the dark squares.}) 11. Bg5 h6 $6 (11... Be7 $5) (
11... Bxc3 12. bxc3 Qxc3 13. Re1 $44 {[%cal Ga1b1,Gb1b6] Schwarz hat
Entwicklungsprobleme und seine schwarzen Felder sind sehr schwach.}) 12. Bxf6
gxf6 {McShane: 'A double-edged position. White has lost the bishop pair, but
now Black can't really castle kingside. Instead Black hopes to maintain his
king in the centre, behind the pawn mass.'} 13. Qd3 (13. Ne2 Bd6 14. h3 Be5)
13... Qd6 {McShane: '13...Qe5 immediately, followed by b5 and Bb7, was
probably the way to play.'} (13... Rg8) 14. Qe2 (14. Qxd6 $6 Bxd6 $11 {Schwarz
kann zufrieden sein. Die Damen sind getauscht und er besitzt das Läuferpaar.})
14... Qe5 15. Bh5 {'!' McShane. McShane: ' Sacrificing a pawn to accelerate
the attack against the king.'} Bxc3 (15... Rg8 16. f4) 16. bxc3 Qxc3 17. Rad1
$44 {[%csl Gc8,Gd1,Re8,Gh5] Die weißen Figuren sind aktiv, während Schwarz mit
dem König in der Mitte hängt und sein Damenflügel unentwickelt ist.} Ke7 (17...
Rg8 18. f4 $44) 18. f4 b5 19. e5 $1 {McShane: 'Forcing open the dark squares.'
Natürlich möchte Weiß die Stellung öffnen.} f5 (19... Bb7 $5 20. Rd3 (20. Bxf7
Raf8) (20. f5 Qxe5 21. Qxe5 fxe5 22. fxe6 Bc6 23. exf7)) (19... fxe5 20. fxe5 {
[%csl Re7,Gf1,Gh5][%cal Rf1f7]}) 20. Qf2 {[%csl Re7][%cal Rf2h4,Rh4e7] McShane:
'Those dark squares around the black king are really creaking now.'} Rf8 (20...
Bb7 21. Qh4+ Ke8 22. Bxf7+ Kxf7 23. Rxd7+ $16) 21. Rd3 Qc7 (21... Qc4) 22. Rfd1
Qa7 23. Qh4+ Ke8 {McShane: 'All White's pieces seem optimally placed.'} 24. Rg3
{[%csl Re8,Gg3,Gh4,Gh5][%cal Gg3g7] Der schwarze König steht in der Mitte dem
weißen Figurenangriff allein gegenüber.} (24. Bf3 Rb8 25. Qxh6 $14) 24... Qc5
25. Rd6 {McShane: 'Preventing 25...Qe7'} Qxc2 26. h3 $16 {Weiß hat schon zwei
Bauern gegeben, aber der schwarze König ist in großer Not. Der Textzug macht
dem weißen König ein Luftloch auf h2.} Bb7 (26... b4 27. Qf6 Qc1+ 28. Kh2 Qxf4
{[%cal Gf4h2]} 29. Rd4 $1 {Ein schöner Zug. Weiß befreit sich von der
Fesselung.} Qxd4 30. Bxf7+ Rxf7 31. Rg8+ $18) 27. Kh2 (27. Bxf7+ Rxf7 28. Rg8+
Rf8 29. Rxf8+ Kxf8 30. Qxh6+ $11 {Das ist nur Dauerschach.}) 27... Qc4 {[#]}
28. Bxf7+ $1 $18 {'!' McShane.} Rxf7 (28... Kxf7 29. Rxd7+ $18) 29. Rg8+ Rf8
30. Rxf8+ {McShane: 'After 30...Kxf8 31.Rxd7 there is no way to prevent Qe7+
or Qf6+, with mate to follow.' Schwarz gab auf. Er wird matt.} (30. Rxf8+ Kxf8
31. Rxd7 $18 {[%csl Rf8]}) 1-0